Central Library OPAC University of Rajshahi

From Caligari to Hitler, (Record no. 17812)

MARC details
000 -LEADER
fixed length control field 01181cam a22002891 4500
001 - CONTROL NUMBER
control field 17812
003 - CONTROL NUMBER IDENTIFIER
rucl marc code BD-RjUL
005 - DATE AND TIME OF LATEST TRANSACTION
control field 20211209000209.0
008 - FIXED-LENGTH DATA ELEMENTS--GENERAL INFORMATION
fixed length control field 140219s1947 njuf b 000 0 eng
035 ## - SYSTEM CONTROL NUMBER
System control number (BD-RjUL)17870
040 ## - CATALOGING SOURCE
Original cataloging agency DLC
Transcribing agency DLC
Modifying agency DLC
-- BD-RjUL
Language of cataloging eng
041 ## - LANGUAGE CODE
Language code of text/sound track or separate title eng
082 00 - DEWEY DECIMAL CLASSIFICATION NUMBER
Classification number 791.4
Author mark and year KRF
100 1# - MAIN ENTRY--PERSONAL NAME
Personal name Kracauer, Siegfried,
Dates associated with a name 1889-1966.
9 (RLIN) 54961
245 10 - TITLE STATEMENT
Title From Caligari to Hitler,
Remainder of title a psychological history of the German film /
Statement of responsibility, etc. Siegfried Kracauer.
260 ## - PUBLICATION, DISTRIBUTION, ETC. (IMPRINT)
Place of publication, distribution, etc. Princeton, N.J. :
Name of publisher, distributor, etc. Princeton university press,
Date of publication, distribution, etc. 1947.
300 ## - PHYSICAL DESCRIPTION
Pagination xii, 361 p. :
Illustrations plates. ;
Size 24 cm.
500 ## - GENERAL NOTE
General note Includes as supplement (p. [273]-331) "Propaganda and the Nazi war film" which, with a few changes, is a reprint of the author's pamphlet of the same title issued in 1942 by the Museum of modern art Film library. cf. p. [273]
504 ## - BIBLIOGRAPHY, ETC. NOTE
Bibliography, etc Bibliography: p. 333-346.
650 #0 - SUBJECT ADDED ENTRY--TOPICAL TERM
Topical term or geographic name as entry element Motion pictures
Geographic subdivision Germany.
9 (RLIN) 54962
Topical term or geographic name as entry element Motion pictures
Geographic subdivision Germany
General subdivision Psychological aspects.
9 (RLIN) 54963
Topical term or geographic name as entry element National socialism and motion pictures.
9 (RLIN) 54964
942 ## - ADDED ENTRY ELEMENTS (KOHA)
Source of classification or shelving scheme Dewey Decimal Classification
Koha item type Books
Holdings
Lost status Source of classification or shelving scheme Damaged status Not for loan Collection code Permanent Location Current Location Shelving location Date acquired Source of acquisition Cost, normal purchase price Total Checkouts Full call number Date last seen Copy number Koha item type
  Dewey Decimal Classification   Not For Loan Non-fiction Central Library, University of Rajshahi Central Library, University of Rajshahi Reading Room 24/02/1958 U. S. I. S. 0.00   791.4 KRF 1947 19/02/2014 C-1 Books